The Office Trivia #E - Statistics

General Stats
  • This quiz has been taken 57 times
  • The average score is 7 of 15
Answer Stats
Hint Answer % Correct
Before the American version of The Office there was an __ version English
89%
Secretary Erin Hannon
89%
Dies of decapatation Ed Truck
78%
Scranton! What! The __ __ Electric City
67%
What did Roy mean when he said. " The first one didnt count" Engagement
65%
Causes Stairmaggedon Elevator maintenance
43%
Jim, to the dislike of the office workers, gives this first to himself, then his wife Employee of the Month
43%
Name of the Fun Team at the Pub Quiz Einsteins
39%
Dwights girlfriend in Season 9 Esther
30%
What does he mainly sell? Empanadas
24%
Intern at Dunder Mifflin, compared by his looks to Alan Thicke Eric
22%
Song of The Police Karen sings at Phyllis Wedding Every Little Thing She Does Is Magic
22%
In his apology video, Michael says that "they" try to make him an __ __ Escape Goat
17%
Michael shares a birthday with Eva Longoria
17%
Owns a food truck near the courthouse Ernestos
4%
No matching quizzes found
Score Distribution
Percent of People with Each Score
Percentile by Number Answered
Your Score History
You have not taken this quiz